|
|
|
|
| LEADER |
01101nam a2200277 a 4500 |
| 001 |
4830846 |
| 008 |
091012s1988 bg b 001 0 eng d |
| 999 |
|
|
|c 4527
|d 4527
|
| 010 |
|
|
|a 89905232
|
| 020 |
|
|
|c Tk150.00
|
| 040 |
|
|
|a DLC
|c DLC
|d DLC
|
| 082 |
0 |
0 |
|a 362.5095492
|2 21
|
| 100 |
1 |
|
|a Maloney, Clarence.
|9 30110
|
| 245 |
1 |
0 |
|a Behavior and poverty in Bangladesh /
|c Clarence Maloney.
|
| 250 |
|
|
|a 2nd ed.
|
| 260 |
|
|
|a Dhaka, Bangladesh :
|b University Press,
|c 1988.
|
| 300 |
|
|
|a viii, 93 p. ;
|c 22 cm.
|
| 504 |
|
|
|a Includes bibliographical references (p. 86-91)
|
| 541 |
1 |
|
|e 00004005
|
| 650 |
|
0 |
|a Poor
|z Bangladesh.
|9 30111
|
| 650 |
|
0 |
|a Work ethic
|z Bangladesh.
|9 30112
|
| 650 |
|
0 |
|a National characteristics, Bangladeshi.
|9 30113
|
| 740 |
0 |
|
|a Behaviour and poverty in Bangladesh.
|
| 852 |
4 |
|
|a Ayesha Abed Library
|j General Shelf.
|
| 942 |
|
|
|2 ddc
|c BK
|
| 952 |
|
|
|0 0
|1 2
|2 ddc
|3 "Send it to the Cataloging team for changing Call number"
|4 0
|6 362_509549200000000_MAL
|7 0
|9 4260
|a BRACUL
|b BRACUL
|c GEN
|d 2009-10-12
|g 150.00
|l 1
|m 9
|o 362.5095492 MAL
|p 3010004005
|q 2018-12-09
|r 2015-07-30
|s 2015-07-30
|t 1
|w 2009-10-12
|y BK
|